Il ventaglio di Lady Windermere ; L'importanza di essere Fedele ; Salomé /

Al suo apparire Il ventaglio di Lady Windermere ebbe tanto successo da creare un genere, quello dei paralumi rosa, che furono i telefoni bianchi della fin de siècle inglese. L'importanza di essere Fedele, storia di due ragazze così romantiche da essere innamorate non dello stesso uomo, ma dello stes...

Popoln opis

Shranjeno v:
Bibliografske podrobnosti
Glavni avtor: Wilde, Oscar (Author)
Drugi avtorji: Almansi, Guido, Béguin, Claude
Format: Knjiga
Jezik:italijanščina
Izdano: Milano : Garzanti, 1993
Serija:I grandi libri Garzanti ; 501
Oznake: Označite
Brez oznak, prvi označite!

MARC

LEADER 00000nam a22000007i 4500
001 IT\ICCU\BVE\0037108
003 ItRI
005 20260115231859.0
008 930427s1993 it |||||| ||||| |||||c
015 |2 IT  |a EDI-948 
020 |a 8811585015 
020 |a 9788811365013 
040 |b ita  |c importazione bologna sebina 
041 7 |a ita  |2 ISO-639-2 
082 |a 822.8  |9 LETTERATURA DRAMMATICA INGLESE. 1837-1900  |2 19 
082 |a 823.8  |9 NARRATIVA INGLESE. 1837-1900  |2 20 
100 1 |a Wilde, Oscar  |0 IT\ICCU\CFIV\000261  |4 aut 
245 1 3 |a Il ventaglio di Lady Windermere ; L'importanza di essere Fedele ; Salomé /  |c Oscar Wilde ; introduzione di Guido Almansi ; traduzione di Guido Almansi e Claude Béguin. 
260 |a Milano :  |b Garzanti,  |c 1993 
300 |a XXIV, 189 p. :  |b 1 ritr. ;  |c 18 cm 
520 |a Al suo apparire Il ventaglio di Lady Windermere ebbe tanto successo da creare un genere, quello dei paralumi rosa, che furono i telefoni bianchi della fin de siècle inglese. L'importanza di essere Fedele, storia di due ragazze così romantiche da essere innamorate non dello stesso uomo, ma dello stesso nome, è un'autentico monumento alla stupidità umana, costruito con estrema, esasperata intelligenza. Salomé fu musicata da Strauss che riconobbe nella tragedia di Wilde uno dei testi sacri della Decadenza. 
700 1 |a Almansi, Guido  |0 IT\ICCU\CFIV\022805 
700 1 |a Béguin, Claude  |0 IT\ICCU\CFIV\102414 
777 1 |w IT\ICCU\BVE\0037111  |t Il ventaglio di Lady Windermere. -  |a Wilde, Oscar  |0 IT\ICCU\CFIV\000261 
777 1 |w IT\ICCU\BVE\0037118  |t L'importanza di essere Fedele. -  |a Wilde, Oscar  |0 IT\ICCU\CFIV\000261 
777 1 |w IT\ICCU\BVE\0037119  |t Salomé. -  |a Wilde, Oscar  |0 IT\ICCU\CFIV\000261 
790 0 |a C.3.3.  |3 IT\ICCU\BVEV\134340  |z Wilde, Oscar 
790 1 |a Almansi Béguin, Claude  |3 IT\ICCU\REAV\172536  |z Béguin, Claude 
790 1 |a Wilde, Oscar Fingal OʼFlaherty Wills  |3 IT\ICCU\FERV\075121  |z Wilde, Oscar 
830 2 |a I grandi libri Garzanti ;  |v 501  |0 IT\ICCU\CFI\0000048 
942 |2 ddc  |c BK  |n 0 
952 |0 0  |1 0  |4 0  |6 DOC_822_800000000000000_WIL  |7 0  |9 15175  |a BO  |b BO  |d 2026-01-15  |i 5284  |l 0  |o DOC 822.8 WIL  |p BO5284  |r 2026-01-15 23:18:59  |w 2026-01-15  |x [Sebina 5] [1 v.]  |y BK  |z 1 v. 
999 |c 13061  |d 13061